000 00474nmm a2200157Ia 4500
008 251105s9999||||xx |||||||||||||||||und||
020 _a9788416479092
041 _aspa
100 _aFranco Gútiez, María Consuelo
245 0 _aAntonio Machado. Un poeta exiliado
264 _a[Madrid, España] :
_bEditorial Club Universitario: ECU,
_c2016
300 _a170 páginas
650 _aBiography
856 _uhttps://public.digitaliapublishing.com/a/171721
942 _cCF
999 _c77792
_d77792